| 000 | 00654 a2200217 4500 | ||
|---|---|---|---|
| 001 | 63000 | ||
| 005 | 20260407155924.0 | ||
| 008 | 260407a1968 arg spa d | ||
| 003 | AR-UNSa-BCEJYS | ||
| 040 |
_aAR-UNSa-BCEJYS _bspa _cAR-UNSa-BCEJYS |
||
| 080 |
_a368 _xSeguros. Provisión comunitaria mediante participación en los riesgos |
||
| 245 | 1 | 0 |
_aLey de seguros _pNº 17.418 |
| 264 | 1 |
_aBuenos Aires : _bAbeledo Perrot _c1968 |
|
| 300 |
_a407 p. _c23 cm. |
||
| 041 | _aspa | ||
| 942 | _cBK | ||
| 590 | _aniveau_biblio:m niveau_hierar:0 | ||
| 100 | 1 | _aArgentina [Leyes, etc.] | |
| 700 | 1 | _aPaya, Fernando H. (h.) | |
| 700 | 1 | _aSantillán, Jorge M. | |
| 999 |
_c7910 _d7910 |
||